भारतीय साहित्यः (Record no. 16831)
[ view plain ]
| 000 -LEADER | |
|---|---|
| fixed length control field | 05020nam a22004697a 4500 |
| 005 - DATE AND TIME OF LATEST TRANSACTION | |
| control field | 2010100505515.0 |
| 010 ## - LCCN (DPL NO) | |
| LC control number | HIN-84455 |
| 020 ## - INTERNATIONAL STANDARD BOOK NUMBER | |
| Terms of availability | 450.00 |
| 035 ## - SYSTEM CONTROL NUMBER | |
| System control number | HN-56801 |
| 035 ## - SYSTEM CONTROL NUMBER | |
| System control number | B-401267-278 |
| 037 ## - SOURCE OF ACQUISITION | |
| Source of stock number/acquisition | DBAD / PUB |
| 037 ## - SOURCE OF ACQUISITION | |
| Source of stock number/acquisition | वाणी प्रकाशन /PUB |
| 082 ## - DEWEY DECIMAL CLASSIFICATION NUMBER | |
| Classification number | 891.4 |
| 100 ## - MAIN ENTRY--PERSONAL NAME | |
| Personal name | त्रिपाठी , रामछबीला |
| 245 ## - TITLE STATEMENT | |
| Title | भारतीय साहित्यः |
| Statement of responsibility, etc | रामछबीला त्रिपाठी |
| 246 ## - VARYING FORM OF TITLE | |
| Title proper/short title | Bhaartiya Saahitya |
| Remainder of title | by RamchabilaTripathi |
| 260 ## - PUBLICATION, DISTRIBUTION, ETC. (IMPRINT) | |
| Place of publication, distribution, etc | नई दिल्ली |
| Name of publisher, distributor, etc | वाणी प्रकाशन |
| Date of publication, distribution, etc | 2008 |
| 270 ## - ADDRESS | |
| Address | 21-ए, दरियागंज |
| City | नई दिल्ली |
| Postal code | 110002 |
| Telephone number | 011 23273167, 23275710 |
| Fax number | 011 23275710 |
| Electronic mail address | vaniprakashan@gmail.com |
| 300 ## - PHYSICAL DESCRIPTION | |
| Extent | 399पृ |
| Dimensions | 22सेमी (सजिल्द) |
| 500 ## - GENERAL NOTE | |
| General note | यू.जी.सी.के नवीनतम पाठयक्रमानुसार |
| 500 ## - GENERAL NOTE | |
| General note | देश के समस्त विश्वविद्यालयों के सानातक स्तर के पाठकों के लिए सम्पूर्ण पाठयक्रम के अनुसार |
| 500 ## - GENERAL NOTE | |
| General note | समान ISBN 9788181436054 शीर्षक 'अमीना ' |
| 650 ## - SUBJECT ADDED ENTRY--TOPICAL TERM | |
| Topical term or geographic name as entry element | भारतीय साहित्य |
| General subdivision | इतिहास एवं समालोचना |
| 650 ## - SUBJECT ADDED ENTRY--TOPICAL TERM | |
| Topical term or geographic name as entry element | Indic literature |
| General subdivision | History and criticism |
| 650 ## - SUBJECT ADDED ENTRY--TOPICAL TERM | |
| Topical term or geographic name as entry element | साहित्य, तुलनात्मक |
| 650 ## - SUBJECT ADDED ENTRY--TOPICAL TERM | |
| Topical term or geographic name as entry element | Literature, comparative |
| 942 ## - ADDED ENTRY ELEMENTS (KOHA) | |
| Source of classification or shelving scheme | Dewey Decimal Classification |
| Item type | Hindi Books |
| Call number suffix | त्रिपाठी |
| Classification part | 891.4 |
| Withdrawn status | Lost status | Not for loan | Collection code | Home library | Current library | Date acquired | Source of acquisition | Cost, normal purchase price | Full call number | Barcode | Copy number | Cost, replacement price | Koha item type | Public note |
|---|---|---|---|---|---|---|---|---|---|---|---|---|---|---|
| Non-fiction | Bawana | Bawana | 05/10/2010 | वाणी प्रकाशन /603/27.3.10/586/17.3.10/31.3.10 | 450.00 | 891.4 त्रिपाठी | B-401277 | 1 | 450.00 | Hindi Books | ||||
| Non-fiction | Central Library | Central Library | 05/10/2010 | वाणी प्रकाशन /603/27.3.10/586/17.3.10/31.3.10 | 450.00 | 891.4 त्रिपाठी | B-401267 | 1 | 450.00 | Hindi Books | ||||
| Not For Loan | Non-fiction | D.B.Act.Division | D.B.Act.Division | 17/10/2008 | DBAD / PUB | 450.00 | 891.4 त्रिपाठी | HN-56801 | 1 | 450.00 | Hindi Books | |||
| Non-fiction | Janak Puri | Janak Puri | 05/10/2010 | वाणी प्रकाशन /603/27.3.10/586/17.3.10/31.3.10 | 450.00 | 891.4 त्रिपाठी | B-401272 | 1 | 450.00 | Hindi Books | ||||
| Written off | Non-fiction | Karol Bagh | Karol Bagh | 05/10/2010 | वाणी प्रकाशन /603/27.3.10/586/17.3.10/31.3.10 | 450.00 | 891.4 त्रिपाठी | B-401275 | 1 | 450.00 | Hindi Books | Written off on approval by DLB (By Circulation); dtd 15-06-2023 | ||
| Non-fiction | Mobile Library | Mobile Library | 05/10/2010 | वाणी प्रकाशन /603/27.3.10/586/17.3.10/31.3.10 | 450.00 | 891.4 त्रिपाठी | B-401268 | 2 | 450.00 | Hindi Books | ||||
| Non-fiction | Mobile Library | Mobile Library | 05/10/2010 | वाणी प्रकाशन /603/27.3.10/586/17.3.10/31.3.10 | 250.00 | 891.4 त्रिपाठी | B-401269 | 2 | 250.00 | Hindi Books | ||||
| Non-fiction | Narela | Narela | 05/10/2010 | वाणी प्रकाशन /603/27.3.10/586/17.3.10/31.3.10 | 450.00 | 891.4 त्रिपाठी | B-401276 | 1 | 450.00 | Hindi Books | ||||
| Non-fiction | New Police Line | New Police Line | 05/10/2010 | वाणी प्रकाशन /603/27.3.10/586/17.3.10/31.3.10 | 250.00 | 891.4 त्रिपाठी | B-401270 | 1 | 250.00 | Hindi Books | ||||
| Non-fiction | Patel Nagar | Patel Nagar | 05/10/2010 | वाणी प्रकाशन /603/27.3.10/586/17.3.10/31.3.10 | 450.00 | 891.4 त्रिपाठी | B-401271 | 1 | 450.00 | Hindi Books | ||||
| Non-fiction | Sarojini Nagar | Sarojini Nagar | 05/10/2010 | वाणी प्रकाशन /603/27.3.10/586/17.3.10/31.3.10 | 450.00 | 891.4 त्रिपाठी | B-401273 | 1 | 450.00 | Hindi Books | ||||
| Non-fiction | Shahdara Branch | Shahdara Branch | 05/10/2010 | वाणी प्रकाशन /603/27.3.10/586/17.3.10/31.3.10 | 450.00 | 891.4 त्रिपाठी | B-401278 | 1 | 450.00 | Hindi Books | ||||
| Non-fiction | Vinoba Puri | Vinoba Puri | 05/10/2010 | वाणी प्रकाशन /603/27.3.10/586/17.3.10/31.3.10 | 450.00 | 891.4 त्रिपाठी | B-401274 | 1 | 450.00 | Hindi Books |
